[Event "RA December op"]
[Site "Ottawa CAN"]
[Date "2022.12.10"]
[Round "2"]
[White "Rodrigue-Lemieux, Shawn"]
[Black "Mahdjoubi, Abdelaziz"]
[Result "1-0"]
[WhiteElo "2517"]
[BlackElo "1880"]
[PlyCount "53"]
[EventDate "2022.12.09"]
[EventType "swiss"]
[EventRounds "5"]
[EventCountry "CAN"]

1. e4 e5 2. Nf3 Nc6 3. Bb5 a6 4. Ba4 b5 5. Bb3 Nf6 6. d4 Bb4+ 7. c3 Ba5 8. dxe5
Ng8 9. O-O Bb7 10. a4 b4 11. cxb4 Bxb4 12. Nc3 Nge7 13. Ng5 Rf8 14. Nxh7 Nxe5
15. Nxf8 Kxf8 16. f4 N5g6 17. Qh5 Qe8 18. f5 Ne5 19. f6 N7g6 20. Bh6 Bxc3 21.
Bxg7+ Kg8 22. bxc3 Bxe4 23. Rf4 Bxg2 24. Re1 Nd3 25. Rxe8+ Rxe8 26. Rf1 Bxf1
27. Qxg6 1-0

[Event "RA December op"]
[Site "Ottawa CAN"]
[Date "2022.12.10"]
[Round "2"]
[White "Xu, Daniel"]
[Black "Wiebe, Isaac"]
[Result "1/2-1/2"]
[WhiteElo "2343"]
[BlackElo "2176"]
[PlyCount "130"]
[EventDate "2022.12.09"]
[EventType "swiss"]
[EventRounds "5"]
[EventCountry "CAN"]

1. e4 e6 2. d4 d5 3. Nd2 Be7 4. Bd3 c5 5. dxc5 Nf6 6. exd5 Qxd5 7. Ngf3 Bxc5 8.
O-O O-O 9. Nb3 Bb6 10. Qe2 Nc6 11. Bg5 Nb4 12. Bc4 Qf5 13. c3 Nbd5 14. g3 Qh3
15. Ne5 Bc7 16. f3 Qf5 17. Bxf6 Nxf6 18. Rae1 Qh3 19. Nd4 Bb6 20. Rd1 Rd8 21.
Qf2 Bd7 22. Rfe1 Be8 23. Kh1 Rac8 24. Bf1 Qh6 25. Bg2 Nd7 26. Ng4 Qg6 27. Qe2
h5 28. Ne3 Nf6 29. f4 Bxd4 30. cxd4 Bc6 31. Bxc6 Rxc6 32. Qf3 Qe4 33. Qxe4 Nxe4
34. Kg2 Nf6 35. Kf3 Nd5 36. Nxd5 Rxd5 37. Rd2 g6 38. Re5 Rcd6 39. Rxd5 Rxd5 40.
Ke4 Kg7 41. Rc2 Ra5 42. a3 Rb5 43. b4 b6 44. Rc4 a5 45. Kd3 Kf6 46. Kc3 Kf5 47.
Rc6 axb4+ 48. axb4 Ke4 49. Kc4 Rd5 50. Rxb6 Rxd4+ 51. Kc5 Rd2 52. Rb7 f6 53.
Rg7 Kf5 54. b5 Rxh2 55. b6 Rb2 56. b7 g5 57. fxg5 fxg5 58. Kd6 h4 59. gxh4 gxh4
60. Kc7 Kf4 61. b8=Q Rxb8 62. Kxb8 h3 63. Kc7 h2 64. Rh7 Kg3 65. Kd6 Kg2
1/2-1/2

[Event "RA December op"]
[Site "Ottawa CAN"]
[Date "2022.12.10"]
[Round "3"]
[White "Han, Johnathan"]
[Black "Rodrigue-Lemieux, Shawn"]
[Result "0-1"]
[WhiteElo "2269"]
[BlackElo "2517"]
[PlyCount "57"]
[EventDate "2022.12.09"]
[EventType "swiss"]
[EventRounds "5"]
[EventCountry "CAN"]

1. e4 e5 2. Nf3 Nc6 3. d4 exd4 4. Nxd4 Nf6 5. Nxc6 bxc6 6. e5 Qe7 7. Qe2 Nd5 8.
c4 Ba6 9. Nd2 g6 10. Nf3 Qb4+ 11. Kd1 Ne7 12. Kc2 Bg7 13. b3 O-O 14. Bb2 c5 15.
h4 Rfe8 16. h5 Nc6 17. hxg6 hxg6 18. Qe4 d5 19. Qxd5 Bb7 20. Bc3 Qa3 21. Qd2
Rad8 22. Qf4 Nb4+ 23. Bxb4 cxb4 24. Ng5 Rd7 25. Qc1 Rxe5 26. Qxa3 bxa3 27. Nf3
Be4+ 28. Kc1 Rh5 29. Rxh5 0-1

[Event "RA December op"]
[Site "Ottawa CAN"]
[Date "2022.12.10"]
[Round "3"]
[White "Jaferian, Koosha"]
[Black "Batorshyn, Ilia"]
[Result "1-0"]
[WhiteElo "2358"]
[BlackElo "2201"]
[PlyCount "143"]
[EventDate "2022.12.09"]
[EventType "swiss"]
[EventRounds "5"]
[EventCountry "CAN"]

1. e4 c5 2. Nc3 e6 3. f4 d5 4. Nf3 Nc6 5. Bb5 d4 6. Bxc6+ bxc6 7. Nb1 Qc7 8. d3
Nf6 9. b3 Be7 10. O-O Nd7 11. Qe1 O-O 12. a4 Nb8 13. Na3 f5 14. Nc4 Na6 15.
Nfe5 Nb4 16. Rf2 Ba6 17. Ba3 Bxc4 18. Nxc4 Rae8 19. g3 Kh8 20. Bxb4 cxb4 21.
Re2 g5 22. exf5 exf5 23. Qf2 gxf4 24. Qxf4 Qxf4 25. gxf4 Rf7 26. Rae1 Rg8+ 27.
Rg2 Rfg7 28. Ree2 Bf6 29. Nd6 Rxg2+ 30. Rxg2 Rf8 31. Nxf5 Bd8 32. Ng3 Bc7 33.
Rf2 Rxf4 34. Rxf4 Bxf4 35. Kg2 Kg8 36. Nf5 c5 37. h3 Kf7 38. Kf3 Be5 39. Ke4
Ke6 40. Ne7 Bc7 41. Nf5 Be5 42. Nh4 Bf6 43. Nf3 Bd8 44. Kf4 h6 45. Kg4 Be7 46.
Nd2 Ke5 47. Ne4 Bf8 48. Kh5 Kf5 49. a5 a6 50. h4 Be7 51. Kxh6 Bxh4 52. Nxc5 Bd8
53. Kg7 Bxa5 54. Kf7 Kf4 55. Ke6 Ke3 56. Kd5 Kd2 57. Kc4 Kxc2 58. Nxa6 Bb6 59.
Nxb4+ Kb2 60. Nc6 Kc2 61. Nxd4+ Kd2 62. Nf5 Ke2 63. d4 Kf3 64. Kd5 Kf4 65. Nd6
Kg5 66. Nc4 Bc7 67. Ke6 Kf4 68. d5 Ke4 69. d6 Bxd6 70. Kxd6 Kd4 71. Nd2 Kc3 72.
Kc5 1-0

[Event "RA December op"]
[Site "Ottawa CAN"]
[Date "2022.12.10"]
[Round "3"]
[White "Latorre, Vincent"]
[Black "Cortes Orihuela, Javier"]
[Result "1/2-1/2"]
[WhiteElo "2070"]
[BlackElo "2277"]
[PlyCount "112"]
[EventDate "2022.12.09"]
[EventType "swiss"]
[EventRounds "5"]
[EventCountry "CAN"]

1. e4 e5 2. Nf3 Nc6 3. Bc4 Nf6 4. d3 Be7 5. c3 O-O 6. O-O d6 7. Bb3 Na5 8. Bc2
c5 9. Nbd2 Nc6 10. Re1 Re8 11. Nf1 Bf8 12. Ng3 g6 13. h3 Bg7 14. Be3 b6 15. d4
Qc7 16. Rc1 Bd7 17. Bb1 Na5 18. Qe2 c4 19. Nd2 b5 20. f4 exf4 21. Bxf4 Nd5 22.
Qf2 Nxf4 23. Qxf4 Nc6 24. Nf3 Re7 25. Nf1 Ree8 26. Ne3 Ne7 27. Ng4 Bxg4 28.
hxg4 Nc6 29. Rcd1 Rab8 30. Nh2 Qe7 31. Rf1 Nd8 32. Rde1 Ne6 33. Qd2 Rb6 34. Nf3
h6 35. e5 d5 36. g3 b4 37. Nh4 bxc3 38. bxc3 Qg5 39. Qf2 Rb7 40. Qf3 Rd8 41.
Re2 a5 42. Ng2 Rdb8 43. Bc2 Qd8 44. Nf4 Nxf4 45. gxf4 Rb2 46. f5 Qg5 47. Qxd5
gxf5 48. Rxf5 Qxg4+ 49. Rg2 Rb1+ 50. Bxb1 Rxb1+ 51. Rf1 Rxf1+ 52. Kxf1 Qd1+ 53.
Kf2 Qd2+ 54. Kg3 Qg5+ 55. Kf3 Qf5+ 56. Ke2 Qc2+ 1/2-1/2

[Event "RA December op"]
[Site "Ottawa CAN"]
[Date "2022.12.10"]
[Round "3"]
[White "Latreille, Etienne"]
[Black "Zhu, Matthew"]
[Result "0-1"]
[WhiteElo "2225"]
[BlackElo "2041"]
[PlyCount "26"]
[EventDate "2022.12.09"]
[EventType "swiss"]
[EventRounds "5"]
[EventCountry "CAN"]

1. e4 c5 2. Nf3 d6 3. Bb5+ Bd7 4. Bxd7+ Qxd7 5. c4 Nf6 6. Nc3 g6 7. d4 cxd4 8.
Nxd4 Bg7 9. f3 O-O 10. O-O Rc8 11. b3 d5 12. exd5 Nxd5 13. Nce2 Nc3 0-1

[Event "RA December op"]
[Site "Ottawa CAN"]
[Date "2022.12.10"]
[Round "3"]
[White "Sambuev, Bator"]
[Black "Dukic, Zachary"]
[Result "1-0"]
[WhiteElo "2488"]
[BlackElo "2399"]
[PlyCount "47"]
[EventDate "2022.12.09"]
[EventType "swiss"]
[EventRounds "5"]
[EventCountry "CAN"]

1. d4 Nf6 2. c4 g6 3. Nc3 d5 4. cxd5 Nxd5 5. e4 Nxc3 6. bxc3 Bg7 7. Bc4 c5 8.
Ne2 Nc6 9. Be3 O-O 10. O-O b6 11. Qd2 Bb7 12. Bh6 Bxh6 13. Qxh6 cxd4 14. f4 Qd6
15. e5 Qc5 16. f5 dxc3+ 17. Kh1 Nxe5 18. fxg6 hxg6 19. Bb3 Rad8 20. Nf4 Rd2 21.
Rae1 Rf2 22. h3 Rxf1+ 23. Rxf1 Qd6 24. Ne6 1-0

[Event "RA December op"]
[Site "Ottawa CAN"]
[Date "2022.12.10"]
[Round "3"]
[White "Shi, Michael"]
[Black "Saha, Ananda"]
[Result "1/2-1/2"]
[WhiteElo "1954"]
[BlackElo "2217"]
[PlyCount "85"]
[EventDate "2022.12.09"]
[EventType "swiss"]
[EventRounds "5"]
[EventCountry "CAN"]

1. e4 e6 2. d4 d5 3. Nc3 Nf6 4. Bg5 dxe4 5. Nxe4 Be7 6. Bxf6 gxf6 7. Nf3 b6 8.
Bd3 Bb7 9. Qe2 c6 10. O-O-O Qc7 11. Kb1 Nd7 12. c4 O-O-O 13. Rc1 Rhg8 14. Rhd1
Kb8 15. c5 f5 16. cxb6 axb6 17. Nc3 Qd6 18. Ne5 Nxe5 19. dxe5 Qb4 20. g3 Qa5
21. f4 Rd7 22. Qh5 Bb4 23. a3 Bxc3 24. Rxc3 Rgd8 25. Bc2 Rxd1+ 26. Bxd1 c5 27.
Bf3 Qa8 28. Bxb7 Qxb7 29. Qf3 Qxf3 30. Rxf3 Rd2 31. h3 Rg2 32. Ka2 Kc7 33. Rd3
c4 34. Rc3 b5 35. a4 Kb6 36. axb5 Kxb5 37. Ka3 h5 38. h4 Rd2 39. b3 Rd4 40. Kb2
Kb4 41. Rxc4+ Rxc4 42. bxc4 Kxc4 43. Kc2 1/2-1/2

[Event "RA December op"]
[Site "Ottawa CAN"]
[Date "2022.12.10"]
[Round "3"]
[White "Wiebe, Isaac"]
[Black "Lawson, Eric"]
[Result "1/2-1/2"]
[WhiteElo "2176"]
[BlackElo "2386"]
[PlyCount "48"]
[EventDate "2022.12.09"]
[EventType "swiss"]
[EventRounds "5"]
[EventCountry "CAN"]

1. e4 c5 2. Nf3 d6 3. d4 cxd4 4. Nxd4 Nf6 5. Nc3 a6 6. Bg5 e6 7. f4 Qb6 8. Qd2
Qxb2 9. Rb1 Qa3 10. e5 h6 11. Bh4 dxe5 12. fxe5 Nd5 13. Nxd5 exd5 14. e6 Bxe6
15. Nxe6 fxe6 16. Rxb7 Nd7 17. Bd3 Be7 18. Bg6+ Kd8 19. Bxe7+ Kxe7 20. Qd4 Kd6
21. Rb6+ Nxb6 22. Qxb6+ Kd7 23. Qb7+ Kd6 24. Qb6+ Kd7 1/2-1/2

[Event "RA December op"]
[Site "Ottawa CAN"]
[Date "2022.12.10"]
[Round "3"]
[White "Xu, Daniel"]
[Black "Liang, Jason"]
[Result "0-1"]
[WhiteElo "2343"]
[BlackElo "2615"]
[PlyCount "44"]
[EventDate "2022.12.09"]
[EventType "swiss"]
[EventRounds "5"]
[EventCountry "CAN"]

1. e4 c6 2. d4 d5 3. exd5 cxd5 4. c4 Nf6 5. Nc3 g6 6. Qb3 Bg7 7. cxd5 O-O 8. g3
e6 9. dxe6 Bxe6 10. Qxb7 Nbd7 11. Bg2 Rb8 12. Qxa7 Re8 13. Nge2 Bc4 14. Bf3 Nd5
15. Nxd5 Rxe2+ 16. Bxe2 Bxd5 17. O-O Ra8 18. Bg5 Qe8 19. Qxa8 Bxa8 20. Bd3 Bxd4
21. Rfe1 Ne5 22. Kf1 Qd7 0-1

[Event "RA December op"]
[Site "Ottawa CAN"]
[Date "2022.12.11"]
[Round "4"]
[White "Donev, Danail"]
[Black "Han, Johnathan"]
[Result "0-1"]
[WhiteElo "1982"]
[BlackElo "2269"]
[PlyCount "78"]
[EventDate "2022.12.09"]
[EventType "swiss"]
[EventRounds "5"]
[EventCountry "CAN"]

1. e4 c5 2. Nc3 d6 3. g3 g6 4. Bg2 Bg7 5. d3 Nc6 6. f4 e6 7. Nf3 Nge7 8. O-O
O-O 9. Be3 Nd4 10. e5 Nef5 11. Bf2 Bd7 12. exd6 Bc6 13. Nxd4 cxd4 14. Ne4 Rc8
15. c4 dxc3 16. bxc3 Nxd6 17. Qb3 Bd5 18. c4 Nxe4 19. dxe4 Bxc4 20. Qxb7 Bxf1
21. Rxf1 Bd4 22. Qb4 Bxf2+ 23. Rxf2 Qb6 24. Qxb6 axb6 25. Rb2 Rfd8 26. e5 Kg7
27. Bf1 Rd1 28. Kg2 Ra1 29. Bb5 Rac1 30. a4 R8c2+ 31. Rxc2 Rxc2+ 32. Kh3 h5 33.
Bd7 Ra2 34. Bc6 f6 35. exf6+ Kxf6 36. Be8 Rd2 37. Bc6 g5 38. fxg5+ Kxg5 39. Bb5
e5 0-1

[Event "RA December op"]
[Site "Ottawa CAN"]
[Date "2022.12.11"]
[Round "4"]
[White "Dukic, Zachary"]
[Black "Wiebe, Isaac"]
[Result "1-0"]
[WhiteElo "2399"]
[BlackElo "2176"]
[PlyCount "55"]
[EventDate "2022.12.09"]
[EventType "swiss"]
[EventRounds "5"]
[EventCountry "CAN"]

1. e4 e5 2. Nf3 Nc6 3. Bb5 Nf6 4. O-O Nxe4 5. Re1 Nd6 6. Nxe5 Be7 7. Bf1 Nxe5
8. Rxe5 O-O 9. d4 Bf6 10. Re1 Nf5 11. d5 Re8 12. Rxe8+ Qxe8 13. Qd3 d6 14. Nd2
Qe1 15. Nf3 Qe7 16. Bd2 Bd7 17. Re1 Qd8 18. b4 h6 19. c4 Qc8 20. Bc3 Bxc3 21.
Qxc3 Qd8 22. c5 c6 23. dxc6 Bxc6 24. b5 Bxf3 25. Qxf3 Qc8 26. c6 bxc6 27. bxc6
Rb8 28. c7 1-0

[Event "RA December op"]
[Site "Ottawa CAN"]
[Date "2022.12.11"]
[Round "4"]
[White "Lawson, Eric"]
[Black "Latorre, Vincent"]
[Result "1/2-1/2"]
[WhiteElo "2386"]
[BlackElo "2070"]
[PlyCount "86"]
[EventDate "2022.12.09"]
[EventType "swiss"]
[EventRounds "5"]
[EventCountry "CAN"]

1. e4 e5 2. Nf3 Nc6 3. Bc4 Bc5 4. d3 Nf6 5. O-O d6 6. a4 a6 7. c3 Ba7 8. h3 h6
9. Re1 O-O 10. Na3 Be6 11. Bxe6 fxe6 12. Be3 Bxe3 13. Rxe3 Qd7 14. b4 Ne7 15.
Nc4 Ng6 16. g3 Rae8 17. Qb3 b6 18. Ncd2 Qf7 19. d4 exd4 20. cxd4 d5 21. e5 Ne4
22. Rf1 Qf5 23. Kg2 c5 24. bxc5 bxc5 25. Nxe4 dxe4 26. Nd2 cxd4 27. Rxe4 Rb8
28. Qa2 Rb4 29. Qa1 Rfb8 30. Rxd4 Qxe5 31. Nf3 Qf5 32. Re1 Rb3 33. Qd1 e5 34.
Rde4 Qf7 35. Nxe5 Nxe5 36. Rxe5 Rf8 37. Qe2 Rf3 38. Rf1 Qb7 39. Kg1 Qb6 40. Re6
Qc5 41. Kg2 Rxf2+ 42. Rxf2 Rxf2+ 43. Qxf2 Qd5+ 1/2-1/2

[Event "RA December op"]
[Site "Ottawa CAN"]
[Date "2022.12.11"]
[Round "4"]
[White "Liang, Jason"]
[Black "Sambuev, Bator"]
[Result "1-0"]
[WhiteElo "2615"]
[BlackElo "2488"]
[PlyCount "99"]
[EventDate "2022.12.09"]
[EventType "swiss"]
[EventRounds "5"]
[EventCountry "CAN"]

1. e4 e5 2. Nf3 Nc6 3. Bc4 Bc5 4. O-O Nf6 5. d3 d6 6. c3 a5 7. Nbd2 O-O 8. h3
Ba7 9. Re1 Be6 10. Bb5 Ne7 11. Nf1 c6 12. Ba4 h6 13. Ng3 Ng6 14. d4 b5 15. Bc2
a4 16. Be3 Qc7 17. Qc1 Rfd8 18. Nf5 Bxf5 19. exf5 Nf8 20. Bxh6 N8h7 21. dxe5
dxe5 22. Be3 Bb8 23. g3 c5 24. Ng5 Ra6 25. Nxh7 Kxh7 26. Bg5 c4 27. Qe3 Kg8 28.
a3 Rd5 29. Rad1 Ba7 30. Qe2 Rad6 31. Bxf6 Rxd1 32. Rxd1 gxf6 33. Be4 Kf8 34.
Kg2 Bc5 35. h4 Qd8 36. Rxd6 Qxd6 37. g4 Qd8 38. Bc6 Qb6 39. Bd5 Qd8 40. Qf3 Kg7
41. Qe4 Qh8 42. g5 Be7 43. Qg4 Kf8 44. g6 fxg6 45. Qxg6 Qg7 46. h5 Qxg6+ 47.
hxg6 e4 48. Bxe4 Bd6 49. Kf3 Be5 50. Bd5 1-0

[Event "RA December op"]
[Site "Ottawa CAN"]
[Date "2022.12.11"]
[Round "4"]
[White "Rodrigue-Lemieux, Shawn"]
[Black "Jaferian, Koosha"]
[Result "1-0"]
[WhiteElo "2517"]
[BlackElo "2358"]
[PlyCount "59"]
[EventDate "2022.12.09"]
[EventType "swiss"]
[EventRounds "5"]
[EventCountry "CAN"]

1. e4 c6 2. d4 d5 3. exd5 cxd5 4. Bd3 Nc6 5. c3 Qc7 6. h3 g6 7. Qc2 Bg7 8. Nf3
Nf6 9. O-O O-O 10. Re1 Bd7 11. Bg5 Rfc8 12. a3 a6 13. Nbd2 e6 14. Nb3 Be8 15.
Qe2 Nd7 16. h4 f6 17. Qxe6+ Bf7 18. Bf4 Qxf4 19. Qxd7 f5 20. Nc5 Nd8 21. Ng5
Rc7 22. Re8+ Bf8 23. Rxf8+ Kxf8 24. Qxd8+ Rxd8 25. Nce6+ Bxe6 26. Nxe6+ Kf7 27.
Nxf4 Rd6 28. Re1 h6 29. Re5 Rcd7 30. Nxd5 1-0

[Event "RA December op"]
[Site "Ottawa CAN"]
[Date "2022.12.11"]
[Round "4"]
[White "Saha, Ananda"]
[Black "Wang, Derek"]
[Result "1-0"]
[WhiteElo "2217"]
[BlackElo "2021"]
[PlyCount "85"]
[EventDate "2022.12.09"]
[EventType "swiss"]
[EventRounds "5"]
[EventCountry "CAN"]

1. e4 c5 2. Nf3 e6 3. g3 d5 4. exd5 exd5 5. d4 Nf6 6. Bg2 Bd6 7. O-O O-O 8.
dxc5 Bxc5 9. Bg5 Be6 10. Nc3 Nbd7 11. Nd4 h6 12. Bf4 Rc8 13. Nb3 Nb6 14. Nxc5
Rxc5 15. Be3 Rc8 16. Bd4 a6 17. a4 Nbd7 18. a5 Qc7 19. Re1 Qc6 20. Qd2 Bf5 21.
Qf4 Bg6 22. Rad1 Rfd8 23. Bh3 Ra8 24. Re7 Re8 25. Rde1 Rxe7 26. Rxe7 Kf8 27.
Bxf6 Nxf6 28. Rc7 Qe8 29. Qb4+ Kg8 30. Qxb7 Qe1+ 31. Bf1 Re8 32. Rc8 Bxc2 33.
Rxe8+ Nxe8 34. Qxd5 Nf6 35. Qa8+ Kh7 36. Qxa6 Qa1 37. Qb5 Bg6 38. a6 Bh5 39.
Kg2 Bg4 40. Bd3+ g6 41. Qb7 Nd7 42. a7 Bf3+ 43. Qxf3 1-0

[Event "RA December op"]
[Site "Ottawa CAN"]
[Date "2022.12.11"]
[Round "4"]
[White "Zhu, Matthew"]
[Black "Xu, Daniel"]
[Result "0-1"]
[WhiteElo "2041"]
[BlackElo "2343"]
[PlyCount "80"]
[EventDate "2022.12.09"]
[EventType "swiss"]
[EventRounds "5"]
[EventCountry "CAN"]

1. e4 c5 2. Nf3 d6 3. Bb5+ Nd7 4. d4 Ngf6 5. e5 Qa5+ 6. Nc3 Ne4 7. Bd2 Nxc3 8.
Bxd7+ Bxd7 9. Bxc3 Qa6 10. exd6 O-O-O 11. Qd3 Bb5 12. Qf5+ Kb8 13. dxc5 exd6
14. O-O-O Qxa2 15. b3 Rc8 16. Rd5 Bc6 17. Rd3 f6 18. Re1 Qa3+ 19. Kb1 Qxc5 20.
Qg4 Qxf2 21. Bd4 Qxc2+ 22. Kxc2 Bd7+ 23. Kd2 Bxg4 24. h3 Bf5 25. Rde3 d5 26.
Ra1 a6 27. g4 Be4 28. Ng1 Bb4+ 29. Kd1 h5 30. g5 fxg5 31. Ra4 Bd6 32. Bxg7 Rhg8
33. Bb2 g4 34. hxg4 hxg4 35. Ne2 g3 36. Ba3 Bxa3 37. Nxg3 Bc1 38. Nxe4 Bxe3 39.
Nf6 Rg2 40. Nd7+ Ka7 0-1

[Event "RA December op"]
[Site "Ottawa CAN"]
[Date "2022.12.11"]
[Round "5"]
[White "Jaferian, Koosha"]
[Black "Dukic, Zachary"]
[Result "1/2-1/2"]
[WhiteElo "2358"]
[BlackElo "2399"]
[PlyCount "56"]
[EventDate "2022.12.09"]
[EventType "swiss"]
[EventRounds "5"]
[EventCountry "CAN"]

1. e4 e6 2. d4 d5 3. Nc3 Nf6 4. e5 Nfd7 5. f4 c5 6. Nf3 Nc6 7. Be3 cxd4 8. Nxd4
Qb6 9. Qd2 Qxb2 10. Rb1 Qa3 11. Bb5 Nxd4 12. Bxd4 a6 13. Bxd7+ Bxd7 14. Rb3 Qe7
15. Rxb7 Qd8 16. O-O Rc8 17. Qe3 Rc4 18. Rfb1 Be7 19. f5 Bg5 20. Qd3 O-O 21.
Ne4 Bc8 22. Bb6 Be3+ 23. Qxe3 Qh4 24. Nf6+ gxf6 25. Rc7 exf5 26. Rxc4 dxc4 27.
exf6 Be6 28. Qd4 Qxd4+ 1/2-1/2

[Event "RA December op"]
[Site "Ottawa CAN"]
[Date "2022.12.11"]
[Round "5"]
[White "Rodrigue-Lemieux, Shawn"]
[Black "Liang, Jason"]
[Result "1-0"]
[WhiteElo "2517"]
[BlackElo "2615"]
[PlyCount "101"]
[EventDate "2022.12.09"]
[EventType "swiss"]
[EventRounds "5"]
[EventCountry "CAN"]

1. e4 c5 2. Nf3 e6 3. d3 Nc6 4. g3 Nf6 5. Bg2 d6 6. O-O Be7 7. Re1 O-O 8. c3
Bd7 9. a3 Rc8 10. b4 a6 11. bxc5 dxc5 12. e5 Nd5 13. c4 Nc7 14. Nc3 Na5 15. Ne4
Bc6 16. Bd2 Na8 17. a4 Bxe4 18. Rxe4 Qxd3 19. Ne1 Qd8 20. Ra3 Qc7 21. Qh5 Nc6
22. Nf3 Rfd8 23. Ng5 Bxg5 24. Bxg5 Rd4 25. Rxd4 cxd4 26. Be4 g6 27. Qh4 Qxe5
28. Bxc6 bxc6 29. Bf6 Qd6 30. Rf3 e5 31. g4 Kf8 32. Qxh7 Ke8 33. Bxe5 Qe6 34.
Qg8+ Ke7 35. Rxf7+ Qxf7 36. Qxc8 d3 37. Qxc6 Qe6 38. Qb7+ Qd7 39. Qxd7+ Kxd7
40. Kf1 Nb6 41. c5 Nxa4 42. Bd4 Kc6 43. h4 Kd5 44. Be3 Nc3 45. h5 gxh5 46. gxh5
Ne4 47. h6 Nf6 48. Ke1 a5 49. Kd2 Kc4 50. c6 Ne4+ 51. Kc1 1-0

[Event "RA December op"]
[Site "Ottawa CAN"]
[Date "2022.12.11"]
[Round "5"]
[White "Sambuev, Bator"]
[Black "Lawson, Eric"]
[Result "0-1"]
[WhiteElo "2488"]
[BlackElo "2386"]
[PlyCount "104"]
[EventDate "2022.12.09"]
[EventType "swiss"]
[EventRounds "5"]
[EventCountry "CAN"]

1. Nf3 d5 2. c4 c6 3. e3 Nf6 4. d4 Bf5 5. Nc3 e6 6. Nh4 Bg6 7. Nxg6 hxg6 8. g3
Be7 9. Bg2 Nbd7 10. O-O O-O 11. b3 Re8 12. Bb2 a6 13. Qc2 b5 14. c5 Qc7 15. f4
Ng4 16. Qe2 f5 17. h3 Ngf6 18. g4 Kf7 19. g5 Nh5 20. Rfc1 Nxf4 21. exf4 Qxf4
22. Qf2 Bxg5 23. Rc2 Qxf2+ 24. Kxf2 Bf6 25. Ne2 g5 26. a4 Reb8 27. b4 e5 28.
axb5 axb5 29. dxe5 Nxe5 30. Bxe5 Bxe5 31. Rd1 Ra4 32. Nd4 Bxd4+ 33. Rxd4 Rh8
34. Ke3 Rh4 35. Rxh4 gxh4 36. Bxd5+ cxd5 37. c6 Ra8 38. Kd4 Ke6 39. Rg2 Rf8 40.
Kc5 f4 41. Re2+ Kf5 42. Kxb5 f3 43. Rc2 d4 44. c7 d3 45. Rc1 Ke4 46. Re1+ Kd4
47. Re7 Rc8 48. Kc6 f2 49. Rf7 d2 50. b5 Ke3 51. Re7+ Kf3 52. Rf7+ Kg2 0-1

[Event "RA December op"]
[Site "Ottawa CAN"]
[Date "2022.12.11"]
[Round "5"]
[White "Xu, Daniel"]
[Black "Han, Johnathan"]
[Result "1/2-1/2"]
[WhiteElo "2343"]
[BlackElo "2269"]
[PlyCount "60"]
[EventDate "2022.12.09"]
[EventType "swiss"]
[EventRounds "5"]
[EventCountry "CAN"]

1. e4 c5 2. Nf3 d6 3. d4 cxd4 4. Nxd4 Nf6 5. Nc3 a6 6. f3 e5 7. Nb3 Be6 8. Be3
Be7 9. Qd2 O-O 10. O-O-O Nbd7 11. g4 b5 12. g5 Nh5 13. Kb1 Nb6 14. Na5 Rc8 15.
Nd5 Nxd5 16. exd5 Bxd5 17. Qxd5 Qxa5 18. Bd3 Qd8 19. Rhg1 g6 20. h4 Qc7 21. Be4
Kh8 22. Qb7 f5 23. Qxc7 Rxc7 24. Bd5 f4 25. Bb6 Rcc8 26. Bf2 Rb8 27. Rd3 Bd8
28. Ba7 Rc8 29. Bf2 Rb8 30. Ba7 Rc8 1/2-1/2

[Event "RA December op U1900"]
[Site "Ottawa CAN"]
[Date "2022.11.09"]
[Round "1"]
[White "Myers, Joshua"]
[Black "Masse-Garneau, Anthony"]
[Result "1-0"]
[WhiteElo "1865"]
[BlackElo "1699"]
[PlyCount "111"]
[EventDate "2022.12.09"]
[EventType "swiss"]
[EventRounds "5"]
[EventCountry "CAN"]

1. c4 c5 2. Nc3 Nc6 3. g3 g6 4. Bg2 Bg7 5. e3 e6 6. Nge2 Nge7 7. d4 cxd4 8.
exd4 d5 9. cxd5 exd5 10. O-O O-O 11. Be3 Be6 12. Nf4 Qd7 13. Re1 Rfe8 14. Qa4
a6 15. Rad1 b5 16. Qb3 Na5 17. Qb4 Nec6 18. Qc5 Bf8 19. Ncxd5 Bxc5 20. Nf6+ Kh8
21. Nxd7 Bb4 22. Nf6 Bxe1 23. Nxe8 Bxa2 24. Rxe1 Rxe8 25. d5 Ne5 26. Ra1 Nac4
27. Rxa2 Nxe3 28. fxe3 Rc8 29. b4 Ng4 30. Ne2 Nxe3 31. d6 Rd8 32. Rxa6 Nf5 33.
Ra8 Rxa8 34. Bxa8 Nxd6 35. Bc6 Kg7 36. Nd4 Kf6 37. Nxb5 Nc8 38. Kf2 Ke5 39. Ke3
Nb6 40. Kd3 f5 41. Nd4 f4 42. gxf4+ Kxf4 43. Ne6+ Kg4 44. Bg2 Kf5 45. Bh3+ Kf6
46. Kd4 h5 47. Nf4 Na4 48. Nd5+ Kf7 49. b5 g5 50. b6 Nxb6 51. Nxb6 g4 52. Bg2
Kf6 53. Nd5+ Kg5 54. Ke4 g3 55. h3 h4 56. Ne3 1-0

[Event "RA Fall op"]
[Site "Ottawa CAN"]
[Date "2022.09.23"]
[Round "1"]
[White "Chiku-Ratte, Olivier-Kenta"]
[Black "Azar, Sebastien"]
[Result "1-0"]
[WhiteElo "2458"]
[BlackElo "2031"]
[PlyCount "50"]
[EventDate "2022.09.23"]
[EventType "swiss"]
[EventRounds "5"]
[EventCountry "CAN"]

1. d4 d5 2. c4 c6 3. Nf3 Nf6 4. Qb3 dxc4 5. Qxc4 Bf5 6. g3 Nbd7 7. Bg2 e6 8.
O-O Be7 9. e3 O-O 10. Rd1 Qc7 11. Qe2 Rfd8 12. Nc3 e5 13. h3 exd4 14. Nxd4 Bg6
15. e4 h6 16. Bf4 Ne5 17. g4 Bc5 18. Nb3 Bd6 19. Bg3 Ne8 20. f4 Nd7 21. e5 Bb4
22. f5 Bh7 23. Kh2 Bxc3 24. bxc3 Nb6 25. f6 Qc8 1-0

[Event "RA Fall op"]
[Site "Ottawa CAN"]
[Date "2022.09.23"]
[Round "1"]
[White "Fang, Zhou"]
[Black "Latorre, Vincent"]
[Result "0-1"]
[WhiteElo "1880"]
[BlackElo "2153"]
[PlyCount "44"]
[EventDate "2022.09.23"]
[EventType "swiss"]
[EventRounds "5"]
[EventCountry "CAN"]

1. e4 g6 2. d4 Bg7 3. Be3 d6 4. f3 a6 5. Nd2 e5 6. c3 Nc6 7. Ne2 Nf6 8. b4 d5
9. Bg5 h6 10. Bxf6 Bxf6 11. c4 exd4 12. cxd5 d3 13. Nf4 Nxb4 14. Qa4+ b5 15.
Qxb4 Bxa1 16. Bxd3 Qd6 17. Qb1 Be5 18. Ne2 Bxh2 19. Bxb5+ axb5 20. Qxb5+ Bd7
21. Qb7 O-O 22. e5 Qxe5 0-1

[Event "RA Fall op"]
[Site "Ottawa CAN"]
[Date "2022.09.23"]
[Round "1"]
[White "Gordon, David"]
[Black "Hansen, Troy"]
[Result "1-0"]
[WhiteElo "2263"]
[BlackElo "1973"]
[PlyCount "61"]
[EventDate "2022.09.23"]
[EventType "swiss"]
[EventRounds "5"]
[EventCountry "CAN"]

1. c4 Nf6 2. g3 c6 3. Nf3 d5 4. Bg2 Nbd7 5. cxd5 cxd5 6. d4 e6 7. O-O Be7 8.
Nc3 O-O 9. Bf4 a6 10. Ne5 Nh5 11. Bd2 Nhf6 12. f4 Bd6 13. a4 Qb6 14. e3 Ne8 15.
Qc2 Kh8 16. a5 Qc7 17. Rfc1 f5 18. Qd1 Qd8 19. Qh5 Kg8 20. Nxd5 Bxe5 21. fxe5
g6 22. Qh6 Nxe5 23. Bb4 Rf7 24. Ne7+ Rxe7 25. Bxe7 Qxe7 26. dxe5 Qb4 27. Rd1
Qxb2 28. Ra4 Qxe5 29. Rd8 Qb5 30. Rad4 Bd7 31. Rc4 1-0

[Event "RA Fall op"]
[Site "Ottawa CAN"]
[Date "2022.09.23"]
[Round "1"]
[White "Han, Johnathan"]
[Black "Wang, Rachel"]
[Result "1-0"]
[WhiteElo "2243"]
[BlackElo "1898"]
[PlyCount "69"]
[EventDate "2022.09.23"]
[EventType "swiss"]
[EventRounds "5"]
[EventCountry "CAN"]

1. e4 c5 2. Nf3 Nc6 3. d4 cxd4 4. Nxd4 Nf6 5. Nc3 e5 6. Ndb5 d6 7. Bg5 a6 8.
Na3 b5 9. Bxf6 gxf6 10. Nd5 Be6 11. c3 Bg7 12. Nc2 Ne7 13. Nce3 Nxd5 14. exd5
Bd7 15. Bd3 f5 16. Nxf5 Bxf5 17. Bxf5 Qg5 18. Qf3 Rb8 19. h4 Qe7 20. Qe4 h5 21.
O-O Bf6 22. g3 a5 23. Rfc1 Qb7 24. b4 Bd8 25. Rab1 Ke7 26. bxa5 Qa7 27. a4 Qxa5
28. axb5 Rxb5 29. Rxb5 Qxb5 30. Rb1 Qc5 31. Rb7+ Kf6 32. Bg6 Bc7 33. Qf5+ Kg7
34. Qxf7+ Kh6 35. Rxc7 1-0